Random 250 - Statistics

General Stats
  • This quiz has been taken 23 times
    22 since last reset
  • The average score is 36 of 45
Answer Stats
Question Tile Select % Correct
What Are the 4 states of matter? Cloud No
100%
What Are the 4 states of matter? Gas Yes
100%
What Are the 4 states of matter? Metal No
100%
What Are the 4 states of matter? Rock No
100%
What Are the 4 states of matter? Solid Yes
100%
name which ones are not countries Albania No
94%
Which Ones are not Real Elements Copper No
94%
name which ones are not countries Georgia No
94%
which 3 are the richest people Larry Page No
94%
What Are the 4 states of matter? Liquad Yes
94%
name which ones are not countries Mozambique No
94%
which 3 are the richest people Samuel Walton No
94%
Which amusement parks are fake names Universal No
94%
name which ones are not countries Zimbabwe No
94%
Which amusement parks are fake names Disney No
88%
which 3 are the richest people Elon Musk Yes
88%
name which ones are not countries Glenin Yes
88%
Which Ones are not Real Elements Hydrogen No
88%
Which Ones are not Real Elements Nothingium Yes
88%
Which Ones are not Real Elements Scandium No
88%
which 3 are the richest people Sergy Brin No
88%
name which ones are not countries Shanghai Yes
88%
name which ones are not countries Transnistria Yes
88%
What Are the 4 states of matter? Air No
81%
Which Ones are not Real Elements Californium No
81%
Which Ones are not Real Elements Drakium Yes
81%
What Are the 4 states of matter? Fire No
81%
which 3 are the richest people Jeff Bezos Yes
81%
name which ones are not countries Lebanon No
81%
which 3 are the richest people Warren Buffet No
81%
Which amusement parks are fake names WildandWetCity Yes
81%
Which Ones are not Real Elements Brass Yes
75%
Which Ones are not Real Elements Vanadium No
75%
name which ones are not countries Benin No
69%
Which Ones are not Real Elements Cladesium Yes
69%
which 3 are the richest people Mark Zuckerberg No
69%
What Are the 4 states of matter? Plasma Yes
69%
Which amusement parks are fake names AdventureCity No
63%
Which amusement parks are fake names Knotts No
63%
Which amusement parks are fake names BuschGardens No
56%
which 3 are the richest people Bill Gates No
50%
Which amusement parks are fake names Five Flags Yes
50%
Which amusement parks are fake names WaterCity Yes
31%
which 3 are the richest people Bernard Arnault Yes
25%
Which amusement parks are fake names Boomers No
19%
No matching quizzes found
Score Distribution
Percent of People with Each Score
Percentile by Number Answered
Your Score History
You have not taken this quiz since the last reset